Analýza vplyvu ohýbania vysokoteplotných supravodivých káblov navíjaných konceptom TORT na poškodenie štruktúry (RE)BCO vrstiev

Guardado en:
Detalles Bibliográficos
Autor principal: Spál, Boris (Autor)
Otros Autores: Pekarčíková, Marcela (Orientador)
Formato: Manuscrito Libro
Lenguaje:eslovaco
Publicado: 2017
Materias:
Acceso en línea:http://is.stuba.sk/zp/portal_zp.pl?podrobnosti=129932
Etiquetas: Agregar Etiqueta
Sin Etiquetas, Sea el primero en etiquetar este registro!

MARC

LEADER 00000ntm a22000003a 4500
001 stuzp62917
003 SK-STU
005 20170610210728.5
007 ta
008 150427s2015----xo-----f-mn---000-0-slo-d
040 |a STU  |b slo 
041 0 |a slo 
100 1 |a Spál, Boris  |u 061000  |k Z4  |4 aut  |U MTF Materiálovotechnologická fakulta  |T MTF Ústav materiálov  |X 47225  |U M1000  |Y 81  |7 47225 
242 0 1 |a Influence of bending on damage of (RE)BCO structure in high-temperature superconducting cable wound by TORT concept  |y eng 
245 1 0 |a Analýza vplyvu ohýbania vysokoteplotných supravodivých káblov navíjaných konceptom TORT na poškodenie štruktúry (RE)BCO vrstiev 
260 |c 2017 
650 4 |a supravodivosť  |2 slo 
650 4 |a HTS  |2 slo 
650 4 |a mechanické namáhanie  |2 slo 
650 4 |a HTS  |2 eng 
650 4 |a mechanical loading  |2 eng 
650 4 |a superconductivity  |2 eng 
700 1 |a Pekarčíková, Marcela  |u 061000  |k Z2  |4 ths  |U MTF Materiálovotechnologická fakulta  |T MTF Ústav materiálov  |X 4722  |U M1000  |Y 81  |7 A000004722 
856 4 |u http://is.stuba.sk/zp/portal_zp.pl?podrobnosti=129932 
996 |c M* DP-13435  |l MMSKP  |s P  |a 0  |w stuzp62917_0001